000 00307nam a22001457a 4500
020 _a1-85326-062-2
082 _a823
_bTOL/W
100 _aTOLSTOY,LEO
245 _aWAR &PEACE
250 _aFIRST
260 _aAMERICA
_bWORDSWORTH CLASSICS
_c193
300 _a994
650 _aNOVEL
_zAMERICA
942 _cBK
999 _c3558
_d3558